Vista normal
Vista MARC
Entrada Personal Name
Número de registros utilizados en: 1
001 - CONTROL NUMBER
- control field: 16776
003 - CONTROL NUMBER IDENTIFIER
- control field: DLC
005 - DATE AND TIME OF LATEST TRANSACTION
- control field: 20250220133123.0
008 - FIXED-LENGTH DATA ELEMENTS
- fixed length control field: 800512n| azannaabn |a aaa
010 ## - LIBRARY OF CONGRESS CONTROL NUMBER
- LC control number: n 80043550
035 ## - SYSTEM CONTROL NUMBER
- System control number: (OCoLC)oca00425574
040 ## - CATALOGING SOURCE
- Original cataloging agency: DLC
- Language of cataloging: spa
- Transcribing agency: Mx-PuUPA
- Modifying agency: DLC
- Modifying agency: OCoLC
- Modifying agency: DLC
- Modifying agency: OCoLC
- Modifying agency: WaU
- Description conventions: rda
- Description conventions: Mx-PuUPA
046 ## - SPECIAL CODED DATES
- Birth date: 19290914
- Death date: 20050620
053 #0 - LC CLASSIFICATION NUMBER
- Classification number element--single number or beginning number of span: PS3553.O47487
100 1# - HEADING--PERSONAL NAME
- Personal name: Collins, Larry,
- Dates associated with a name: 1929-2005
374 ## - OCCUPATION
- Occupation: Autor
375 ## - GENDER
- Gender: hombre
377 ## - ASSOCIATED LANGUAGE
- Language code: eng
400 1# - SEE FROM TRACING--PERSONAL NAME
- Personal name: קולינס, לארי
- Dates associated with a name: 1929-2005
400 1# - SEE FROM TRACING--PERSONAL NAME
- Personal name: Collins, John Lawrence
- Dates associated with a name: 1929-2005
400 1# - SEE FROM TRACING--PERSONAL NAME
- Personal name: Kolinsa, Lerī
- Dates associated with a name: 1929-2005
670 ## - SOURCE DATA FOUND
- Source citation: Lapierre, D. Paris brûle-t-il? 1964.
670 ## - SOURCE DATA FOUND
- Source citation: French Wikipedia WWW site, June 20, 2005
- Information found: (Larry Collins; b. Sept. 14, 1929, Hartford, Conn.; d. June 20, 2005, Fréjus; American writer)
670 ## - SOURCE DATA FOUND
- Source citation: Famous why website, Dec. 23, 2009
- Information found: (Larry Collins (John Lawrence Collins); b. on Saturday, Sept. 14, 1929 in Hartford, Ct.; d. on Monday, June 20, 2005, in Fréjus; American author of Is Paris burning)
670 ## - SOURCE DATA FOUND
- Source citation: Ardhī rāte ājhādī, 2012:
- Information found: title page (Lerī Kolinsa)